Funkcional'noje programmirovanije primenenije i realizacija
Guardado en:
| Formato: | Libro |
|---|---|
| Lenguaje: | ruso |
| Publicado: |
Moskva
Mir
1983
|
| Colección: | Matematičeskoje obespečenije EVM
|
| Etiquetas: |
Sin Etiquetas, Sea el primero en etiquetar este registro!
|
MARC
| LEADER | 00000nam a2200000 4500 | ||
|---|---|---|---|
| 001 | c115430 | ||
| 005 | 20260128073433.4 | ||
| 041 | 0 | |a rus | |
| 044 | |a RU | ||
| 245 | 1 | 0 | |a Funkcional'noje programmirovanije |b primenenije i realizacija |c Peter Henderson |
| 264 | 1 | |a Moskva |b Mir |c 1983 | |
| 300 | |a 349 s. | ||
| 490 | 1 | |a Matematičeskoje obespečenije EVM | |
| 830 | 0 | |a Matematičeskoje obespečenije EVM | |